000 00640nam a2200205 i 4500
001 37319
003 ES-MaACL
005 20250814230835.0
007 t|
008 030220s1964 sp ||||1| spa d
100 1 _aButler, David E.
_932939
245 1 0 _aEstudio del comportamiento político /
_cDavid E. Butler ; [traducido por Juan Ferrando Badía].
260 _aMadrid :
_bTecnos,
_c[1964]
300 _a181 p. ;
_c24 cm.
490 1 _aCiencias sociales ;
_v32
700 1 _aFerrando Badía, Juan.
_950287
830 0 0 _aCiencias sociales
_v32
_9177859
852 _aES-MaACL
_jC-27326
_bR.56345
999 _c37319
_d37319